| 000 | 00582nam a2200193Ia 4500 | ||
|---|---|---|---|
| 003 | OSt | ||
| 005 | 20250219113024.0 | ||
| 008 | 210210b1956 xxu||||| |||| 00| 0 eng d | ||
| 040 | _cAL | ||
| 041 | _ahin | ||
| 082 | _a864/129 | ||
| 100 |
_aSINHA (Shambhunath) _9201149 |
||
| 110 |
_bसिन्हा शंभुनाथ _9201150 |
||
| 245 |
_aHindi mahakavya ka svarup vikas: _bहिंदी महाकाव्य का स्वरूप विकास |
||
| 260 |
_aVaranasi _b- _c1956 |
||
| 690 |
_aHindi Criticism _9201151 |
||
| 906 | _a023665 | ||
| 942 |
_2ddc _cBK |
||
| 999 |
_c148631 _d148631 |
||